District manual, 1962 (Record no. 488743)

000 -LEADER
fixed length control field 00455cam a22001097a 4500
008 - FIXED-LENGTH DATA ELEMENTS--GENERAL INFORMATION
fixed length control field 180718b1957 xxu||||| |||| 00| 0 eng d
082 ## - DEWEY DECIMAL CLASSIFICATION NUMBER
Classification number B67037x5464 T738
245 ## - TITLE STATEMENT
Title District manual, 1962
Statement of responsibility, etc. by Civil Secretariat Organisation and Methods Department, Civil Secretariat, Tripura
260 ## - PUBLICATION, DISTRIBUTION, ETC.
Place of publication, distribution, etc. Agartala
Name of publisher, distributor, etc. Organisation and Methods Department, Civil Secretariat
Date of publication, distribution, etc. 1957
300 ## - PHYSICAL DESCRIPTION
Extent 118p.
700 ## - ADDED ENTRY--PERSONAL NAME
Personal name Tripura. Civil Secretariat. Organisation and Methods Department
Holdings
Withdrawn status Lost status Damaged status Not for loan Permanent Location Current Location Date acquired Full call number Barcode Date last seen Price effective from Koha item type
        Indian Institute of Public Administration Indian Institute of Public Administration 2018-08-04 B67037x5464 T738 GG1569 2018-08-04 2018-08-04 GG

Powered by Koha